The prophets (Record no. 44611)
[ view plain ]
| 000 -LEADER | |
|---|---|
| fixed length control field | 00427nam a2200193Ia 4500 |
| 003 - CONTROL NUMBER IDENTIFIER | |
| control field | 0100 |
| 005 - DATE AND TIME OF LATEST TRANSACTION | |
| control field | 20170407120602.0 |
| 008 - FIXED-LENGTH DATA ELEMENTS--GENERAL INFORMATION | |
| fixed length control field | 130303s9999 xx 000 0 und d |
| 040 ## - CATALOGING SOURCE | |
| Transcribing agency | ARRUPELIB |
| 050 ## - LIBRARY OF CONGRESS CALL NUMBER | |
| Classification number | BS1505.2.H41962 |
| 100 ## - MAIN ENTRY--PERSONAL NAME | |
| Personal name | Heschel, Abraham Joshua |
| 9 (RLIN) | 29719 |
| 245 #4 - TITLE STATEMENT | |
| Title | The prophets |
| 250 ## - EDITION STATEMENT | |
| Edition statement | 1st |
| 260 ## - PUBLICATION, DISTRIBUTION, ETC. (IMPRINT) | |
| Place of publication, distribution, etc | New York |
| 260 ## - PUBLICATION, DISTRIBUTION, ETC. (IMPRINT) | |
| Name of publisher, distributor, etc | Harper Row |
| 300 ## - PHYSICAL DESCRIPTION | |
| Extent | 518 p. |
| 650 ## - SUBJECT ADDED ENTRY--TOPICAL TERM | |
| Topical term or geographic name as entry element | Bible O.T. |
| General subdivision | Prophets |
| 9 (RLIN) | 29720 |
| 700 ## - ADDED ENTRY--PERSONAL NAME | |
| Personal name | Abraham Joshua Heschel |
| 9 (RLIN) | 29721 |
| 942 00 - ADDED ENTRY ELEMENTS (KOHA) | |
| Koha issues (borrowed), all copies | 6 |
| Source of classification or shelving scheme | Library of Congress Classification |
| Koha item type | Monograph ( Printed materials) |
| Withdrawn status | Lost status | Source of classification or shelving scheme | Damaged status | Not for loan | Collection code | Home library | Current library | Shelving location | Date acquired | Total Checkouts | Full call number | Barcode | Date last seen | Date checked out | Copy number | Price effective from | Koha item type |
|---|---|---|---|---|---|---|---|---|---|---|---|---|---|---|---|---|---|
| Library of Congress Classification | Main Collection | ARRUPE LIBRARY | ARRUPE LIBRARY | Main Collection | 04/03/2013 | 20 | BS1505.2.H4 2001 | 46500025500 | 03/10/2023 | 17/04/2018 | 1 | 04/03/2013 | Monograph ( Printed materials) | ||||
| Library of Congress Classification | Main Collection | ARRUPE LIBRARY | ARRUPE LIBRARY | Main Collection | 06/03/2018 | 5 | BS1505.2.H41962 | 46003034957 | 07/04/2022 | 01/04/2022 | 06/03/2018 | Monograph ( Printed materials) |